Cartas y postales de los amigos del FICG /

Gardado en:
Detalles Bibliográficos
Autor Corporativo: Festival Internacional de Cine en Guadalajara ( Guadalajara, México)
Outros autores: Padilla López, Raúl (presentación) (presentación), Toro, Guillermo del (prólogo) (prólogo)
Formato: Procedimiento de la conferencia Libro
Idioma:Lingua castelá
Publicado: Guadalajara, México : Festival Internacional de Cine en Guadalajara : Universidad de Guadalajara, 2010, c2010
Temas:
Etiquetas: Engadir etiqueta
Sen Etiquetas, Sexa o primeiro en etiquetar este rexistro!

MARC

LEADER 00000nam^a2200000^a^4500
001 000315715
005 20260226155346.0
009 20260310113251.75
020 |a 978-607-450-226-8 
037 |a Acervo ITESO - Biblioteca 
041 |a ESP 
082 |a 302. 23550972352  |b FICG 2010 ANI 
111 |a Festival Internacional de Cine en Guadalajara (  |n 25° :  |d 2010 :  |c Guadalajara, México) 
240 1 1 |a [FICG] 
240 1 1 |a [FICG 25] 
240 1 1 |a [Festival Internacional de Cine en Guadalajara] 
240 1 1 |a [Festival Internacional de Cine en Guadalajara: publicaciones de aniversario] 
240 1 1 |a [Festival Internacional de Cine en Guadalajara 2010] 
245 1 0 |a Cartas y postales de los amigos del FICG /  |c Festival Internacional de Cine en Guadalajara ; presen. de R. Padilla López ; pról. de G. del Toro. 
264 4 |a Guadalajara, México :  |b Festival Internacional de Cine en Guadalajara :  |b Universidad de Guadalajara,  |c 2010, c2010 
300 |a 175 p. ;  |c 29.0 cm. 
336 |a texto  |b txt  |2 rdacontenido 
337 |a sin mediación  |b n  |2 rdamedio 
338 |a volumen  |b nc  |2 rdasoporte 
585 |a Festival Internacional de Cine en Guadalajara (25°: 2010): Aniversario 
649 |a XX 
650 |a Cine Mexicano -  |x Festivales -  |x Historia -  |x Tema Principal 
650 |a Cine Mexicano -  |x Historia y Crítica 
650 |a Cine Mexicano -  |y 1980-1989 
650 |a Cine Mexicano -  |y 1990-1999 
650 |a Cine Mexicano -  |y Siglo XX 
650 |a Cine Mexicano -  |y 2000-2009 
650 |a Cine Mexicano -  |y Siglo XXI 
650 |a Cine Iberoamericano -  |x Festivales -  |x Historia -  |x Tema Principal 
650 |a Cine Iberoamericano -  |x Historia y Crítica 
650 |a Cine Iberoamericano -  |y 2000-2009 
650 |a Cine Iberoamericano -  |y Siglo XXI 
650 |a Cine -  |z Guadalajara, Jalisco -  |x Festivales -  |x Historia -  |x Tema Principal 
650 |a Cine -  |z México -  |x Festivales -  |x Historia 
650 |a Cine -  |x Festivales -  |x Historia 
700 |a Padilla López, Raúl  |e (presentación) 
700 |a Toro, Guillermo del  |e (prólogo) 
910 |a Fondo General 
920 |a Impresos - Libros 
930 |a Libros Antiguos y Raros 
905 |a 108 
901 |a 0500202636  |b IT2  |c LRA  |i D56740  |u 20250526 
902 |a https://opac.biblio.iteso.mx/vufind/Record/000315715